000 00234nam a22001097a 4500
082 _a823
_bLAD/B
245 _aBOUCLE D OR ET LES TROIS OURS
260 _aUK
_bLADYBIRD
300 _a50
650 _aENGLISH SHORT STORY
_zUK
942 _cBK
999 _c4687
_d4687